[Event "4NCL 2012-13"]
[Site "Hinckley ENG"]
[Date "2013.03.23"]
[Round "7.176"]
[White "Duncan, Chris R"]
[Black "Harakis, Alexis M"]
[Result "1-0"]
[WhiteTitle "FM"]
[WhiteElo "2294"]
[BlackElo "2238"]
[WhiteTeam "Blackthorne Russia"]
[BlackTeam "Jutes of Kent"]
[WhiteFideId "403091"]
[BlackFideId "403954"]
[EventDate "2012.11.03"]

1. Nf3 d5 2. d4 c6 3. c4 e6 4. Nc3 dxc4 5. a4 Bb4 6. e3 b5 7. Bd2 a5 8. axb5
Bxc3 9. Bxc3 cxb5 10. b3 Bb7 11. bxc4 b4 12. Bb2 Nf6 13. Bd3 Nbd7 14. O-O Qc7
15. Re1 Be4 16. Qc2 Bxd3 17. Qxd3 O-O 18. e4 e5 19. Rad1 Rfd8 20. Qe3 exd4 21.
Nxd4 Ng4 22. Qh3 Nge5 23. Nf5 f6 24. Qg3 Nc5 25. Rd5 Rxd5 26. exd5 Qd7 27. Nh6+
Kh8 28. Bxe5 fxe5 29. d6 Re8 30. Qe3 Ne6 31. Nf5 Nf4 32. Ng3 a4 33. Qb6 b3 34.
Ne4 b2 35. g3 Nh3+ 36. Kg2 a3 37. c5 Rc8 38. Qb4 Qa7 39. c6 1-0

[Event "4NCL 2012-13"]
[Site "Hinckley ENG"]
[Date "2013.03.23"]
[Round "7.177"]
[White "Van Weersel, Arlette"]
[Black "Ledger, Dave J"]
[Result "0-1"]
[WhiteTitle "WIM"]
[BlackTitle "FM"]
[WhiteElo "2168"]
[BlackElo "2268"]
[WhiteTeam "Jutes of Kent"]
[BlackTeam "Blackthorne Russia"]
[WhiteFideId "1009877"]
[BlackFideId "401986"]
[EventDate "2012.11.03"]

1. e4 e5 2. Nf3 Nc6 3. Bc4 Bc5 4. c3 Nf6 5. d3 a6 6. Bb3 d6 7. O-O Ba7 8. Nbd2
O-O 9. Nc4 h6 10. Be3 b5 11. Ncd2 d5 12. Bxa7 Rxa7 13. Qe2 dxe4 14. dxe4 Qe7 15.
Nh4 Rd8 16. Rad1 Na5 17. Bc2 Bg4 18. Ndf3 Raa8 19. a4 Nc4 20. axb5 axb5 21. b3
Nd6 22. h3 Bxf3 23. Qxf3 Ra2 24. Bb1 Rb2 25. c4 bxc4 26. bxc4 c5 27. g3 Rdb8 28.
Nf5 Nxf5 29. exf5 e4 30. Qe3 R8b3 31. Qe1 e3 32. fxe3 Rxe3 33. Rd8+ Kh7 34. Qd1
Rxg3+ 35. Kh1 Rxh3+ 36. Kg1 Qe3+ 0-1

[Event "4NCL 2012-13"]
[Site "Hinckley ENG"]
[Date "2013.03.23"]
[Round "7.178"]
[White "Ledger, Stephen C"]
[Black "Rice, Chris B"]
[Result "1/2-1/2"]
[WhiteElo "2088"]
[BlackElo "2032"]
[WhiteTeam "Blackthorne Russia"]
[BlackTeam "Jutes of Kent"]
[WhiteFideId "404470"]
[BlackFideId "404446"]
[EventDate "2012.11.03"]

1. d4 Nf6 2. Bg5 e6 3. Nf3 c5 4. e3 Be7 5. Nbd2 b6 6. c3 Bb7 7. Bd3 Nc6 8. O-O
h6 9. Bh4 Nh5 10. Bxe7 Qxe7 11. Rc1 O-O 12. a3 Rac8 13. b4 d6 14. Qe2 g6 15. Ba6
Bxa6 16. Qxa6 Rc7 17. Rfd1 Rfc8 18. dxc5 dxc5 19. Ne4 Nf6 20. Nxf6+ Qxf6 21.
bxc5 bxc5 22. Qc4 Ne5 23. Nxe5 Qxe5 24. Rb1 Rc6 25. a4 Rd6 26. g3 Kg7 27. Rxd6
Qxd6 28. a5 Rc7 29. Qf4 e5 30. Qc4 Rc6 31. Rb7 Rc7 32. a6 Qc6 33. Rxc7 Qxc7 34.
Qb3 c4 35. e4 Kf6 36. Kg2 h5 37. h3 Kg7 38. g4 hxg4 39. hxg4 Kf8 40. Qb7 Qc5 41.
Kf3 Kg7 42. g5 Kg8 1/2-1/2

[Event "4NCL 2012-13"]
[Site "Hinckley ENG"]
[Date "2013.03.23"]
[Round "7.181"]
[White "Morrison, Graham SCO"]
[Black "McDonald, Neil"]
[Result "1-0"]
[WhiteTitle "FM"]
[BlackTitle "GM"]
[WhiteElo "2352"]
[BlackElo "2454"]
[WhiteTeam "Barbican 4NCL"]
[BlackTeam "Wood Green, Hilsmark Kingfisher"]
[WhiteFideId "2400090"]
[BlackFideId "400629"]
[EventDate "2012.11.03"]

1. d4 Nf6 2. c4 g6 3. Nf3 Bg7 4. g3 O-O 5. Bg2 d6 6. O-O Nbd7 7. Nc3 e5 8. e4 c6
9. h3 Qb6 10. Re1 Ne8 11. d5 h6 12. Be3 Qc7 13. Nh4 c5 14. a3 Kh7 15. Qd2 Qd8
16. b4 b6 17. Rab1 Ndf6 18. a4 Nh5 19. a5 cxb4 20. Rxb4 bxa5 21. Rb3 a4 22. Ra3
Bd7 23. c5 dxc5 24. Bxc5 Qa5 25. Be7 Nc7 26. Qe3 Rfc8 27. Rea1 Nb5 28. Nxb5 Bxb5
29. Bf1 Bd7 30. Nf3 Re8 31. Bc5 Rac8 32. Bxa7 Bf8 33. Bb6 Qb4 34. Ne1 Nf6 35.
Bg2 Bb5 36. Ba7 Nd7 37. Qf3 Kg8 38. Be3 Rc3 39. Rxc3 Qxc3 40. Rc1 Qb2 41. Bf1 a3
42. Bxb5 Qxb5 43. Qd1 Ra8 44. Qc2 Nf6 45. Nf3 Qb4 46. Qc6 Rb8 47. Qxf6 Qxe4 48.
Nxe5 Bg7 49. Qxf7+ Kh7 50. Nd7 1-0

[Event "4NCL 2012-13"]
[Site "Hinckley ENG"]
[Date "2013.03.23"]
[Round "7.182"]
[White "Ward, Chris G"]
[Black "Chapman, Terry P D"]
[Result "1/2-1/2"]
[WhiteTitle "GM"]
[WhiteElo "2432"]
[BlackElo "2279"]
[WhiteTeam "Wood Green, Hilsmark Kingfisher"]
[BlackTeam "Barbican 4NCL"]
[WhiteFideId "400203"]
[BlackFideId "413399"]
[EventDate "2012.11.03"]

1. e4 c6 2. d4 d5 3. exd5 cxd5 4. c4 Nf6 5. Nc3 Nc6 6. Nf3 Bg4 7. cxd5 Nxd5 8.
Qb3 Bxf3 9. gxf3 e6 10. Qxb7 Nxd4 11. Bb5+ Nxb5 12. Qc6+ Ke7 13. Qxb5 Qd7 14.
Nxd5+ Qxd5 15. Qxd5 exd5 16. Be3 Ke6 17. Rc1 Bb4+ 18. Ke2 Rhc8 19. Kd3 a5 20.
Rhg1 g6 21. h3 h5 22. f4 a4 23. Bd4 Rxc1 24. Rxc1 Ra6 25. Ke3 Kf5 26. Kf3 f6 27.
Rc8 Bd2 28. Rd8 Bxf4 29. Rxd5+ Be5 30. Rb5 Rd6 31. Bxe5 fxe5 32. Ke3 g5 33. Rb4
Rd4 34. a3 g4 35. hxg4+ Rxg4 36. Rb8 Re4+ 37. Kf3 Rf4+ 38. Kg3 h4+ 39. Kg2 Rg4+
40. Kh3 Rf4 41. Kg2 Rg4+ 1/2-1/2

[Event "4NCL 2012-13"]
[Site "Hinckley ENG"]
[Date "2013.03.23"]
[Round "7.183"]
[White "Griffiths, Ryan Rhys"]
[Black "Greet, Andrew N"]
[Result "1-0"]
[WhiteTitle "FM"]
[BlackTitle "IM"]
[WhiteElo "2353"]
[BlackElo "2438"]
[WhiteTeam "Barbican 4NCL"]
[BlackTeam "Wood Green, Hilsmark Kingfisher"]
[WhiteFideId "2502054"]
[BlackFideId "405817"]
[EventDate "2012.11.03"]

1. d4 Nf6 2. c4 e6 3. Nc3 Bb4 4. e3 d5 5. cxd5 exd5 6. Bd3 O-O 7. Ne2 Re8 8. Bd2
c5 9. a3 Bxc3 10. bxc3 Ne4 11. Ng3 Nc6 12. O-O Nxg3 13. hxg3 Be6 14. Qb1 h6 15.
Qxb7 Na5 16. Qb1 Rb8 17. Qd1 c4 18. Bc2 Rb2 19. Bc1 Rb3 20. Re1 Qd7 21. e4 dxe4
22. Rxe4 Bd5 23. Qg4 Re6 24. Bxh6 g6 25. Rxe6 Qxe6 26. Qd1 Be4 27. d5 Qf5 28.
Qd4 1-0

[Event "4NCL 2012-13"]
[Site "Hinckley ENG"]
[Date "2013.03.23"]
[Round "7.185"]
[White "Franklin, Samuel G A"]
[Black "Martin, Andrew D"]
[Result "1-0"]
[WhiteTitle "FM"]
[BlackTitle "IM"]
[WhiteElo "2322"]
[BlackElo "2392"]
[WhiteTeam "Barbican 4NCL"]
[BlackTeam "Wood Green, Hilsmark Kingfisher"]
[WhiteFideId "468576"]
[BlackFideId "400300"]
[EventDate "2012.11.03"]

1. e4 Nc6 2. d4 e5 3. dxe5 Nxe5 4. Nc3 Bc5 5. Bf4 d6 6. Qd2 Ng6 7. Bg5 N8e7 8.
O-O-O Be6 9. Nf3 h6 10. Be3 Bxe3 11. Qxe3 Nc6 12. h4 O-O 13. h5 Nge7 14. Qf4 f6
15. g4 Qd7 16. Rg1 Kh8 17. Nh4 Ne5 18. Be2 b5 19. Qg3 b4 20. Nd5 Bxd5 21. exd5
a5 22. f4 Nf7 23. Ng6+ Nxg6 24. hxg6 Nd8 25. g5 b3 26. Qxb3 a4 27. Qd3 a3 28. b3
fxg5 29. fxg5 Qe7 30. gxh6 Rf4 31. Qc3 Nb7 32. Rh1 Kg8 33. hxg7 Rh4 34. Rxh4
Qxh4 35. Qf3 Qh6+ 36. Kb1 Qxg7 37. Qf7+ Qxf7 38. gxf7+ Kxf7 39. Rf1+ Ke7 40. Bg4
Nc5 41. Bh5 Rf8 42. Rxf8 Kxf8 43. c3 Kg7 44. Kc2 Kf6 45. b4 Ne4 46. Bf3 1-0

[Event "4NCL 2012-13"]
[Site "Hinckley ENG"]
[Date "2013.03.23"]
[Round "7.186"]
[White "Pein, Malcolm"]
[Black "Sands, David A"]
[Result "1/2-1/2"]
[WhiteTitle "IM"]
[WhiteElo "2376"]
[BlackElo "2235"]
[WhiteTeam "Wood Green, Hilsmark Kingfisher"]
[BlackTeam "Barbican 4NCL"]
[WhiteFideId "400289"]
[BlackFideId "402060"]
[EventDate "2012.11.03"]

1. d4 d5 2. c4 dxc4 3. e4 Nc6 4. Be3 Nf6 5. e5 Nd5 6. Bxc4 Be6 7. Bb3 Qd7 8. Ne2
O-O-O 9. Nbc3 Nb6 10. O-O Bxb3 11. Qxb3 e6 12. a3 Kb8 13. Qc2 Nd5 14. b4 Nxc3
15. Nxc3 h6 16. Ne4 b6 17. b5 Ne7 18. a4 Nd5 19. a5 Be7 20. Ra4 Qxb5 21. Rfa1
Rd7 22. Rb1 Nb4 23. Qb3 Qd5 24. Nc3 Qxb3 25. Rxb3 Nd5 26. Ne4 Ka8 27. Bd2 Rb8
28. a6 Rc8 29. Rg3 Bf8 30. Rc4 Rcd8 31. Rf3 Kb8 32. h4 Re8 33. h5 Red8 34. g4
Re8 35. g5 hxg5 36. Nxg5 f6 37. exf6 gxf6 38. Ne4 f5 39. Nc3 Nxc3 40. Rfxc3 Bd6
41. Rh3 Rh7 42. Kg2 Reh8 43. h6 f4 44. d5 exd5 45. Rxf4 Rxh6 46. Rxh6 Rxh6 47.
Rf5 Rg6+ 48. Kf3 Kc8 49. Rxd5 Kd7 50. Ke4 Kc6 51. Rd3 Re6+ 52. Kf5 Re8 53. f4
Kb5 54. Kg6 Kxa6 55. f5 Kb5 56. f6 Kc6 57. f7 Ra8 58. Bh6 a5 59. Re3 Kd7 60. Rd3
Kc6 61. Re3 Kd7 62. Rd3 Kc6 63. Re3 Kd7 1/2-1/2

[Event "4NCL 2012-13"]
[Site "Hinckley ENG"]
[Date "2013.03.23"]
[Round "7.187"]
[White "Coleman, David J"]
[Black "Kvisvik, Brede"]
[Result "0-1"]
[WhiteTitle "CM"]
[BlackTitle "FM"]
[WhiteElo "2268"]
[BlackElo "2315"]
[WhiteTeam "Barbican 4NCL"]
[BlackTeam "Wood Green, Hilsmark Kingfisher 2"]
[WhiteFideId "402087"]
[BlackFideId "1502999"]
[EventDate "2012.11.03"]

1. e4 c5 2. Nc3 d6 3. Nf3 Nf6 4. d4 cxd4 5. Nxd4 a6 6. Bg5 Nbd7 7. Qe2 e6 8.
O-O-O Qc7 9. f4 Be7 10. g4 h6 11. Bxf6 Bxf6 12. h4 g5 13. hxg5 hxg5 14. Rxh8+
Bxh8 15. Qh2 Bf6 16. Qh5 Bxd4 17. Rxd4 gxf4 18. Qh8+ Nf8 19. g5 Qc5 20. Rd2 Bd7
21. Qf6 Qe5 22. Rh2 Qxf6 23. gxf6 O-O-O 24. a4 Ng6 25. Rd2 Kc7 26. b4 Rh8 27.
Kb2 Ne5 28. b5 axb5 29. axb5 Rh6 30. b6+ Kxb6 31. Rxd6+ Kc5 32. Rd1 Rxf6 33. Nd5
exd5 34. Rxd5+ Kb6 35. Rxe5 f3 36. Kc3 Bc6 37. Rf5 Rxf5 38. exf5 f6 39. Bd3 f2
40. Kd2 Bg2 0-1

[Event "4NCL 2012-13"]
[Site "Hinckley ENG"]
[Date "2013.03.23"]
[Round "7.188"]
[White "Hegarty, Sarah N"]
[Black "Regan, Natasha K"]
[Result "0-1"]
[WhiteTitle "WFM"]
[BlackTitle "WIM"]
[WhiteElo "2133"]
[BlackElo "2074"]
[WhiteTeam "Wood Green, Hilsmark Kingfisher"]
[BlackTeam "Barbican 4NCL"]
[WhiteFideId "2501465"]
[BlackFideId "403067"]
[EventDate "2012.11.03"]

1. e4 Nf6 2. e5 Nd5 3. Nc3 c6 4. Qf3 Nxc3 5. Qxc3 d6 6. exd6 Qxd6 7. Nf3 Bf5 8.
Bc4 e6 9. O-O Nd7 10. Re1 Be7 11. Nd4 O-O 12. Nxf5 exf5 13. Qh3 Ne5 14. Bb3 Ng4
15. d3 Bf6 16. Rf1 Rae8 17. c3 Be5 18. g3 Qxd3 19. Bg5 Bc7 20. Rad1 Qf3 21. Rd4
Bb6 22. Bd1 Nxf2 23. Rxf2 Re1+ 24. Rf1 Bxd4+ 25. cxd4 Rxd1 26. Rxd1 Qxd1+ 27.
Kg2 Qxd4 0-1

[Event "4NCL 2012-13"]
[Site "Hinckley ENG"]
[Date "2013.03.24"]
[Round "8.111"]
[White "Howell, David W L"]
[Black "Williams, Simon K"]
[Result "1-0"]
[WhiteTitle "GM"]
[BlackTitle "GM"]
[WhiteElo "2634"]
[BlackElo "2511"]
[WhiteTeam "Wood Green, Hilsmark Kingfisher"]
[BlackTeam "Jutes of Kent"]
[WhiteFideId "410608"]
[BlackFideId "404454"]
[EventDate "2012.11.03"]

1. e4 e6 2. d4 d5 3. Nd2 Nf6 4. e5 Nfd7 5. Ngf3 c5 6. c3 Nc6 7. Bd3 Be7 8. O-O
g5 9. dxc5 g4 10. Nd4 Ncxe5 11. Bb5 a6 12. Bxd7+ Bxd7 13. b4 h5 14. Qe2 Qc7 15.
f4 Nc6 16. a4 Bf6 17. N2b3 O-O 18. Kh1 Ne7 19. Be3 Rfe8 20. Qd2 Bg7 21. Qf2 Ng6
22. Nc1 f5 23. Nd3 Rf8 24. Ne2 e5 25. Nxe5 Nxe5 26. fxe5 Bxe5 27. Bf4 Rae8 28.
Qh4 Rf7 29. Qxh5 Rh7 30. Qg5+ Rg7 31. Qh4 g3 32. h3 Qc6 33. Bxe5 Rxe5 34. Nxg3
d4 35. Rf3 dxc3 36. Qc4+ Qe6 37. Qxe6+ Bxe6 38. Nh5 Bd5 39. Nf6+ Kf7 40. Nxd5
Rxd5 41. Rxc3 Rd2 42. Rg1 Rb2 43. c6 bxc6 44. Rxc6 Rg6 45. Rc5 f4 46. Rc4 Rf2
47. Rc7+ Kf6 48. Rc6+ Kg5 49. Rxg6+ Kxg6 50. Rb1 1-0

[Event "4NCL 2012-13"]
[Site "Hinckley ENG"]
[Date "2013.03.24"]
[Round "8.113"]
[White "Pert, Nicholas"]
[Black "Gretarsson, Hjorvar Steinn"]
[Result "1/2-1/2"]
[WhiteTitle "GM"]
[BlackTitle "IM"]
[WhiteElo "2557"]
[BlackElo "2516"]
[WhiteTeam "Wood Green, Hilsmark Kingfisher"]
[BlackTeam "Jutes of Kent"]
[WhiteFideId "403989"]
[BlackFideId "2302241"]
[EventDate "2012.11.03"]

1. d4 Nf6 2. Nf3 e6 3. c4 Bb4+ 4. Bd2 Bxd2+ 5. Qxd2 d5 6. g3 Qe7 7. Bg2 O-O 8.
O-O Rd8 9. Qc2 Nc6 10. Rd1 Bd7 11. Nbd2 a5 12. Rac1 a4 13. a3 Na5 14. Ne5 Rac8
15. cxd5 exd5 16. Qc5 Qxc5 17. Rxc5 b6 18. Rc3 Be6 19. Nc6 Nxc6 20. Rxc6 Bd7 21.
Rc3 c5 22. dxc5 1/2-1/2

[Event "4NCL 2012-13"]
[Site "Hinckley ENG"]
[Date "2013.03.24"]
[Round "8.114"]
[White "Kirk, Ezra"]
[Black "Rowson, Jonathan"]
[Result "1/2-1/2"]
[BlackTitle "GM"]
[WhiteElo "2258"]
[BlackElo "2586"]
[WhiteTeam "Jutes of Kent"]
[BlackTeam "Wood Green, Hilsmark Kingfisher"]
[WhiteFideId "600067"]
[BlackFideId "2400561"]
[EventDate "2012.11.03"]

1. d4 Nf6 2. c4 e6 3. Nc3 Bb4 4. e3 c5 5. Bd3 Nc6 6. Nf3 Bxc3+ 7. bxc3 d6 8. e4
e5 9. d5 Ne7 10. O-O O-O 11. Ne1 Ne8 12. Nc2 f5 13. exf5 Bxf5 14. Bg5 Qd7 15.
Bxe7 Qxe7 16. f3 Rd8 17. Bxf5 Rxf5 18. Qd3 Rf7 19. Ne3 Qg5 20. Ng4 Nf6 21. Nxf6+
Rxf6 22. Rab1 Rd7 23. Rbe1 Rdf7 24. Re4 Rh6 25. g3 Qh5 26. Rh4 Qg6 27. Qxg6 Rxg6
28. Re4 Rgf6 29. Kg2 Kf8 30. h4 Ke8 31. f4 Kd8 32. Kf3 exf4 33. gxf4 Rh6 34. Kg4
Rg6+ 35. Kh3 Kc7 36. f5 Rgf6 37. Kg4 Kb6 38. Re6 Ka5 39. Rxf6 Rxf6 40. h5 b5 1/2-1/2

[Event "4NCL 2012-13"]
[Site "Hinckley ENG"]
[Date "2013.03.24"]
[Round "8.115"]
[White "Petrov, Marijan"]
[Black "Stebbings, Anthony J"]
[Result "1/2-1/2"]
[WhiteTitle "GM"]
[WhiteElo "2512"]
[BlackElo "2265"]
[WhiteTeam "Wood Green, Hilsmark Kingfisher"]
[BlackTeam "Jutes of Kent"]
[WhiteFideId "2901773"]
[BlackFideId "402427"]
[EventDate "2012.11.03"]

1. e4 c5 2. Nc3 Nc6 3. Nf3 e6 4. d4 cxd4 5. Nxd4 Qc7 6. f4 a6 7. Nf3 Bc5 8. Bd3
b5 9. Qe2 Nd4 10. Nxd4 Bxd4 11. Nd1 Ne7 12. c3 Bc5 13. Nf2 Bb7 14. Be3 O-O 15.
O-O e5 16. f5 f6 17. a4 Bxe3 18. Qxe3 bxa4 19. Rxa4 d5 20. Rb4 dxe4 21. Bxe4
Bxe4 22. Qxe4 Rab8 23. Nd3 Rfd8 24. Rxb8 Rxb8 25. Ra1 a5 26. Kf2 Rd8 27. Ke2 Kf7
28. Ra4 Rd5 29. g4 Qb6 30. Qc4 Ke8 31. b4 axb4 32. cxb4 Qd4 33. Ra8+ Kf7 34.
Qxd4 Rxd4 35. b5 Nd5 36. Ra7+ Kg8 37. Ra8+ Kf7 38. Ra7+ 1/2-1/2

[Event "4NCL 2012-13"]
[Site "Hinckley ENG"]
[Date "2013.03.24"]
[Round "8.117"]
[White "Pert, Richard G"]
[Black "Harakis, Alexis M"]
[Result "1-0"]
[WhiteTitle "IM"]
[WhiteElo "2454"]
[BlackElo "2238"]
[WhiteTeam "Wood Green, Hilsmark Kingfisher"]
[BlackTeam "Jutes of Kent"]
[WhiteFideId "404748"]
[BlackFideId "403954"]
[EventDate "2012.11.03"]

1. d4 d5 2. c4 e6 3. Nc3 Nf6 4. Nf3 Nbd7 5. Bg5 h6 6. Bh4 Bb4 7. e3 c5 8. cxd5
exd5 9. Be2 Qa5 10. O-O Bxc3 11. bxc3 c4 12. Qc2 O-O 13. Nd2 Re8 14. Bf3 b5 15.
a4 g5 16. Bg3 g4 17. axb5 Qxb5 18. Be2 Qc6 19. Bf4 h5 20. f3 Nf8 21. fxg4 hxg4
22. Be5 N6d7 23. Bf4 Nf6 24. Be5 N6d7 25. Bg3 Nb6 26. Rf2 Qg6 27. Qc1 Rxe3 28.
Be5 Nbd7 29. Nf1 Rxe5 30. dxe5 Nxe5 31. Qe3 Nc6 32. Qc5 Nd7 33. Qxd5 Nb6 34. Qc5
Bb7 35. Rf5 Nd7 36. Qb5 1-0

[Event "4NCL 2012-13"]
[Site "Hinckley ENG"]
[Date "2013.03.24"]
[Round "8.118"]
[White "Naylor, John"]
[Black "Arakhamia-Grant, Ketevan"]
[Result "0-1"]
[BlackTitle "GM"]
[WhiteElo "2153"]
[BlackElo "2414"]
[WhiteTeam "Jutes of Kent"]
[BlackTeam "Wood Green, Hilsmark Kingfisher"]
[WhiteFideId "403172"]
[BlackFideId "13600168"]
[EventDate "2012.11.03"]

1. a3 g6 2. g3 Bg7 3. Bg2 c5 4. d3 Nc6 5. Nf3 d5 6. O-O Nf6 7. c3 a5 8. Bf4 O-O
9. Ne5 Nh5 10. Nxc6 bxc6 11. Be3 Qb6 12. Bc1 e5 13. Nd2 Be6 14. e4 Rad8 15. Qc2
f5 16. b4 c4 17. exd5 cxd5 18. dxc4 dxc4 19. Nf3 Bd5 20. Be3 Qc6 21. Ne1 f4 22.
Bc5 f3 23. Bxf8 fxg2 24. Nxg2 Bxg2 0-1

[Event "4NCL 2012-13"]
[Site "Hinckley ENG"]
[Date "2013.03.24"]
[Round "8.121"]
[White "Hawkins, Jonathan"]
[Black "Wells, Peter K"]
[Result "1/2-1/2"]
[WhiteTitle "IM"]
[BlackTitle "GM"]
[WhiteElo "2511"]
[BlackElo "2488"]
[WhiteTeam "Cheddleton"]
[BlackTeam "White Rose"]
[WhiteFideId "412686"]
[BlackFideId "400327"]
[EventDate "2012.11.03"]

1. d4 Nf6 2. c4 e6 3. Nc3 Bb4 4. e3 O-O 5. Bd3 d5 6. Nf3 c5 7. O-O dxc4 8. Bxc4
cxd4 9. exd4 b6 10. Bg5 Bb7 11. Ne5 Bxc3 12. bxc3 Nbd7 13. Qe2 Rc8 14. Rfd1 Qc7
15. Nxd7 Nxd7 16. Bb5 Bd5 17. Qg4 f5 18. Qh4 Bc4 19. Bf4 Qd8 20. Bg5 Qc7 21. Bf4
Qd8 22. Bg5 Qc7 1/2-1/2

[Event "4NCL 2012-13"]
[Site "Hinckley ENG"]
[Date "2013.03.24"]
[Round "8.122"]
[White "McNab, Colin A"]
[Black "Rombaldoni, Denis"]
[Result "1-0"]
[WhiteTitle "GM"]
[BlackTitle "IM"]
[WhiteElo "2455"]
[BlackElo "2510"]
[WhiteTeam "White Rose"]
[BlackTeam "Cheddleton"]
[WhiteFideId "2400030"]
[BlackFideId "813575"]
[EventDate "2012.11.03"]

1. c4 e6 2. Nf3 d5 3. b3 Nf6 4. g3 d4 5. e3 c5 6. Bg2 Nc6 7. exd4 cxd4 8. O-O
Be7 9. Re1 Nd7 10. d3 O-O 11. Ba3 a5 12. Bxe7 Qxe7 13. Nbd2 Nc5 14. Ne4 Na6 15.
a3 Bd7 16. Qc2 Rab8 17. Re2 b6 18. Qb2 e5 19. Ned2 Rfe8 20. Rae1 Qd6 21. Nh4 Nc5
22. Ne4 Nxe4 23. Bxe4 b5 24. Qc1 bxc4 25. bxc4 Qc5 26. Qg5 h6 27. Qh5 Qxa3 28.
Nf5 Qf8 29. f4 exf4 30. gxf4 Rxe4 31. dxe4 d3 32. Nxh6+ gxh6 33. Rg2+ Kh7 34.
Qd5 Rd8 35. Qxd3 Qc5+ 36. Kh1 Qd4 37. Qf3 Rg8 38. Rd1 Qa7 39. Rdg1 Rg6 40. f5
Rg5 41. Rxg5 hxg5 42. Rxg5 1-0

[Event "4NCL 2012-13"]
[Site "Hinckley ENG"]
[Date "2013.03.24"]
[Round "8.123"]
[White "Hamitevici, Vladimir"]
[Black "Palliser, Richard J D"]
[Result "1-0"]
[WhiteTitle "IM"]
[BlackTitle "IM"]
[WhiteElo "2440"]
[BlackElo "2453"]
[WhiteTeam "Cheddleton"]
[BlackTeam "White Rose"]
[WhiteFideId "13902393"]
[BlackFideId "407372"]
[EventDate "2012.11.03"]

1. d4 d5 2. c4 c6 3. Nf3 Nf6 4. e3 Bf5 5. Nc3 e6 6. Nh4 Be4 7. f3 Bg6 8. Qb3 b5
9. cxb5 c5 10. Bd2 Nbd7 11. O-O-O c4 12. Qa4 Nb6 13. Qa5 Bd3 14. g3 Bxf1 15.
Rhxf1 Be7 16. Ng2 O-O 17. Nf4 Qd7 18. g4 Rfb8 19. e4 Ne8 20. exd5 exd5 21. Nfe2
Nc7 22. Bf4 a6 23. Bxc7 axb5 24. Qxa8 Rxa8 25. Bxb6 b4 26. Bc5 bxc3 27. Nxc3
Bxc5 28. dxc5 d4 29. Rfe1 Rb8 30. c6 Qxc6 31. Rxd4 Qxf3 32. Rxc4 Qf2 33. Re2
Qg1+ 34. Kc2 h6 35. b4 Rd8 36. b5 Kh7 37. a4 Qf1 38. Rce4 Qa1 39. Re1 Qa3 40.
Rc4 Qd6 41. Re2 Qa3 42. h4 Rd6 43. Ree4 g5 44. hxg5 hxg5 45. Red4 Rf6 46. Rc6
Rf1 47. b6 Rc1+ 48. Kd3 Qb3 49. Rdc4 Qc2+ 50. Kd4 Qd2+ 51. Ke5 Qe3+ 52. Kd6 Qg3+
53. Kd7 Re1 54. Kc8 Re7 55. Nd5 Re8+ 56. Kb7 Qb8+ 57. Ka6 Qa8+ 58. Kb5 Re5 59.
R4c5 Qe8 1-0

[Event "4NCL 2012-13"]
[Site "Hinckley ENG"]
[Date "2013.03.24"]
[Round "8.124"]
[White "Buckley, Simon T"]
[Black "Arkell, Keith C"]
[Result "1/2-1/2"]
[BlackTitle "GM"]
[WhiteElo "2349"]
[BlackElo "2462"]
[WhiteTeam "White Rose"]
[BlackTeam "Cheddleton"]
[WhiteFideId "407410"]
[BlackFideId "400270"]
[EventDate "2012.11.03"]

1. c4 e6 2. g3 d5 3. Bg2 Nf6 4. Nf3 Be7 5. O-O O-O 6. Qc2 d4 7. d3 Nc6 8. a3 a5
9. e3 e5 10. exd4 exd4 11. Bg5 Be6 12. Nbd2 Nd7 13. Bxe7 Qxe7 14. Rfe1 Nc5 15.
Ne5 Nxe5 16. Rxe5 Qd6 17. Rae1 a4 18. f4 c6 19. Ne4 Nxe4 20. R1xe4 g6 21. h3 1/2-1/2

[Event "4NCL 2012-13"]
[Site "Hinckley ENG"]
[Date "2013.03.24"]
[Round "8.125"]
[White "Colovic, Aleksandar"]
[Black "Townsend, M Paul"]
[Result "1-0"]
[WhiteTitle "IM"]
[WhiteElo "2447"]
[BlackElo "2234"]
[WhiteTeam "Cheddleton"]
[BlackTeam "White Rose"]
[WhiteFideId "15000729"]
[BlackFideId "402320"]
[EventDate "2012.11.03"]

1. d4 Nf6 2. c4 e6 3. Nc3 d5 4. Bg5 Be7 5. e3 O-O 6. Rc1 Nbd7 7. Nf3 c6 8. Bd3
dxc4 9. Bxc4 Nd5 10. Bxe7 Qxe7 11. Ne4 b6 12. O-O Bb7 13. Ng3 c5 14. e4 Nf4 15.
Bb5 Rfd8 16. Qa4 Nf6 17. e5 N6d5 18. dxc5 a6 19. Be2 bxc5 20. Rfd1 Nb4 21. Ne1
Nxe2+ 22. Nxe2 Qg5 23. Rxd8+ Rxd8 24. Rd1 Bc6 25. Qb3 Rd2 26. h4 Qd8 27. Nc3
Rxd1 28. Nxd1 Nxa2 29. Nd3 Bd5 30. Qa4 h6 31. Nxc5 Qc7 32. Qe8+ Kh7 33. Nd7 Qc1
34. Nf8+ Kg8 35. Nd7+ Kh7 36. Qxf7 Qxd1+ 37. Kh2 Kh8 38. Qe8+ Kh7 39. Qf7 Kh8
40. Qe8+ Kh7 41. Nf8+ Kg8 42. Ng6+ Kh7 43. Ne7 1-0

[Event "4NCL 2012-13"]
[Site "Hinckley ENG"]
[Date "2013.03.24"]
[Round "8.128"]
[White "Olsarova, Tereza"]
[Black "Steil-Antoni, Fiona"]
[Result "0-1"]
[WhiteTitle "WIM"]
[BlackTitle "WIM"]
[WhiteElo "2267"]
[BlackElo "2169"]
[WhiteTeam "White Rose"]
[BlackTeam "Cheddleton"]
[WhiteFideId "325449"]
[BlackFideId "4001249"]
[EventDate "2012.11.03"]

1. e4 e5 2. d4 exd4 3. Qxd4 Nc6 4. Qe3 g6 5. Nc3 Bg7 6. Bd2 d6 7. O-O-O Nf6 8.
h4 O-O 9. h5 Nxh5 10. Be2 Nf6 11. f3 Re8 12. Qf2 Nd7 13. g4 Nf8 14. Nh3 f6 15.
Nd5 Be6 16. Nhf4 Bf7 17. Kb1 Ne5 18. c4 c6 19. Ne3 Qc7 20. Nfg2 a5 21. Bc3 b6
22. Qg3 Rad8 23. g5 fxg5 24. Qxg5 Qe7 25. Qg3 Be6 26. f4 Ned7 27. Bxg7 Qxg7 28.
Rxd6 Nc5 29. Rxd8 Rxd8 30. e5 Ne4 31. Qe1 Qf7 32. Ka1 Nd2 33. Qc1 Ne4 34. Bf3
Ng3 35. Re1 b5 36. Ng4 Kg7 37. Qc3 Nf5 38. Qxa5 Rb8 39. Bxc6 bxc4 40. Qc3 Qc7
41. Bd5 Rd8 42. Bxe6 Nxe6 43. N2e3 Nxe3 44. Qxe3 Rd3 45. Qe4 Nd4 46. Kb1 Nf3 47.
Nf6 Nxe1 48. Qxe1 Qd8 49. Kc1 Qd4 0-1